1647 1060 1715 1934 1378 1441 1806 1879 1188 1861 1863 1472 1764 1392 1230 1915 1147 1576 1693 1773 1299 1484 1996 1285 1166 1854 1885 1838 1583 1158 1172 1691 1048 1182 1776 1812 1169 1178 1659 1349 1611 1854 1529 1144 1922 1925 1376 1413 1882 1166 1552 1732 1274 1888 1375 1758 1440 1481 1303 1080 1929 1317 1621 1730 1327 1159 1874 1602 1802 1080 1726 1161 1450 1134 1268 1977 1220 1503 1025 1343 1129 1232 1394 1151 1322 1372 1069 1213 1176 1272 1563 1642 1543 1624 1378 1921 1470 1510 1986 BCNSPRNW ULIB Ver.6.0+V

เปลี่ยนเป็นภาษาไทย

Change to English
 แสดงรายละเอียดบรรณานุกรม
  กลับหน้าหลัก

Brief Record : Get Marc (ISO 2709) : E-mail record : QR code < ปิดหน้าต่าง
LEADER : 00000nam 2200000uu 4500
001    13399121572
003     ULIB
008    121123s2552||||th 000 0 tha d
020    ^a9789748097138
060 04 ^aWV201^ล145ร
100 0  ^aลลิดา เกษมสุวรรณ
245 10 ^aโรคหูตามอาการและอาการแสดง /^cลลิดา เกษมสุวรรณ
250    ^aพิมพ์ครั้งที่ 1
260    ^aกรุงเทพฯ :^bเอ็ม.ที.เพรส,^c2551
300    ^a[5], 175 หน้า :^bภาพประกอบ ;^c27 ซม.
650  2 ^aEar^xsymptomatology
650  2 ^aEar, Diseases
650  7 ^aหู, โรค
650  7 ^aหู^xอาการวิทยา
650  7 ^aหู^xสรีรวิทยา
945    ^p240^l0^i16636
995    ^aวิภา
999 ^a ใช้งานได้ทุกระบบ
รายการนี้ยังไม่มีแท็ก
คุณยังไม่ได้ล็อกอิน คุณสามารถมีกิจกรรมร่วมกับเว็บไซต์ได้ แต่ต้องล็อกอินก่อน ::
  ล็อกอิน

รายการสื่อสารสนเทศ

ลำดับที่ ประเภท เลขเรียก/บาร์โค้ด สถานที่ สถานะ
1. วิทยาศาสตร์การแพทย์ และสุขภาพ
วิทยาศาสตร์การแพทย์ และสุขภาพ
WV201^ล145ร  
  Barcode: 16636
ห้องสมุดวิทยาเขตสวรรค์ประชารักษ์
►ส่วนจัดเก็บหนังสือเก่า สปร
บนชั้น
  ขอยืม

รายการใกล้เคียง
    ผู้แต่ง [ลลิดา เกษมสุวรรณ]

    หัวเรื่อง [Ear, Diseases]
    หัวเรื่อง [หู, โรค]

BibComment


ยังไม่เคยถูกคอมเมนท์

คอมเมนท์ทรัพยากรรายการนี้
  คอมเมนท์: โรคหูตามอาการและ..


 Copyright 2026. Bcnsprnw @Library